000 01944cam a22004694i 4500
003 PE-LiUPU
005 20250731173352.0
008 150706s2009 ag r 000 0 spa d
020 _a9789875675841
035 _a(Sirsi) i9789875675841
040 _aPE-LiUPU
_bspa
_cPE-LiUPU
_erda
049 _aPRUA
082 0 4 _a226.607
_bV.443 2009
_221
100 1 _aVeloso, Mario,
_eautor.
245 1 0 _aHechos :
_bcontando la historia de la iglesia apostólica /
_cMario Veloso.
264 1 _aFlorida Oeste, Buenos Aires, AR :
_bACES,
_c2009.
300 _a239 páginas ;
_c21 centímetros
336 _atext
_2rdacontent
337 _aunmediated
_2rdamedia
338 _avolume
_2rdacarrier
505 0 _aIntroducción de Lucas -- Jerusalen: Predicción y organización, persecuciones -- Judea y Samaria -- Predicación al mundo entero -- Primer viaje misionero de Pablo -- Concilio de Jerusalén -- Segundo viaje misionero de Pablo -- Tercer viaje de Pablo -- Pablo en Jerusalén -- Pablo en Roma.
526 _aSEG42
526 _aSEG41
526 _aSEG40
526 _aSEG39
526 _aP94
526 _aP87
526 _aP86
526 _aP85
526 _aP77
526 _aP76
526 _aP35
630 _aBiblia.
_pN.T.
_pHechos
_xComentarios.
650 0 4 _aHomilética
_xEnseñanza bíblica.
942 _2ddc
_cBOOK
949 _a226.607 V.443 2009
_wDEWEY
_c1
_i66946
_lCIW
_mBUL
_r1
_sY
_tBOOK
_u2015-7-6
_xWHITE
_zUNKNOWN
_o.STAFF. Colección Teología
994 _aC0
_bPEPRU
596 _a1
999 _a226 V42
_wDEWEY
_c50908
_i61949
_d50908
_e2015-9-24
_f2021-11-9
_g5
_lCCODEBUL1
_mBUL
_n1
_p12.00
_r0
_sY
_tBOOK
_u2015-7-6
_xTEOLOGIA
_PP35
_0COMPRA
_o.STAFF. Colección Teología
999 _a226 V42
_wDEWEY
_c2
_i61760
_d2018-9-10
_e2018-9-6
_f2021-11-9
_g5
_lCCODEBUL1
_mBUL
_n3
_p5.00
_q1
_r0
_sY
_tBOOK
_u2015-7-6
_xTEOLOGIA
_PP35
_0COMPRA
_o.STAFF. Colección Teología
980 _81
_gALBERTO SANCHEZ Responsable de Automatización